000 00204 a2200097 4500
020 _a9789580408314
041 _aspa
100 _aAnonimo
245 _aCuentos de piratas,corsarios y bandidos
942 _cBK
999 _c13667
_d13667